Представление документа в формате RUSMARC

ПолеНазваниеЗначение
  Тип записи a
  Библиографический уровень m
001 Контрольный номер UONB/MAIN/8ff8a744031d4ab1ac4fea608e8486d0
005 Дата корректировки 20260513164424.8
010 Индекс ISBN __
9 Тираж 2 экз.
100 Данные общей обработки __
a Данные общей обработки 20260513d2025 u y0rusy0189||||ca
101 Язык документа 0_
a Язык текста rus
102 Страна публикации __
a Страна публикации RU
105 Кодированные данные (монография) __
a Кодированные данные (монография) a i 000yy
200 Заглавие и сведения об ответственности 1_
a Заглавие Экономическое положение МО "Город Ульяновск" в разрезе внутригородских районов
e Сведения, относящиеся к заглавию статистический сборник
e Сведения, относящиеся к заглавию (по каталогу № 01-28)
f Первые сведения об ответственности Федеральная служба государственной статистики, Территориальный орган Росстата по Ульяновской области
203 Вид содержания и тип средства __
a Вид содержания Текст
b Характеристика содержания визуальный
c Тип средства непосредственный
210 Выходные данные 1_
a Место издания Ульяновск
c Издательство Ульяновскстат
d Дата издания 2025
215 Физическое описание __
a Объем 114 с.
c Иллюстрации/тип воспроизводства ил.
d Формат 30 см
606 Тематические рубрики 0_
a Основная рубрика Социально-экономическое развитие
y Географическая подрубрика Ульяновская область
j Формальный подзаголовок Статистические материалы
606 Тематические рубрики 0_
a Основная рубрика Экономика
y Географическая подрубрика Ульяновская область
j Формальный подзаголовок Статистические материалы
610 Ключевые слова 0_
a Ключевые слова статистика образования
610 Ключевые слова 0_
a Ключевые слова статистика здравоохранения
610 Ключевые слова 0_
a Ключевые слова статистика труда
610 Ключевые слова 0_
a Ключевые слова статистика торговли
610 Ключевые слова 0_
a Ключевые слова статистика сельского хозяйства
610 Ключевые слова 0_
a Ключевые слова статистика строительства
610 Ключевые слова 0_
a Ключевые слова статистика уровня жизни
610 Ключевые слова 0_
a Ключевые слова охрана окружающей среды - статистика
610 Ключевые слова 0_
a Ключевые слова труд - статистика
610 Ключевые слова 0_
a Ключевые слова здравоохранение - статистика
610 Ключевые слова 0_
a Ключевые слова образование - статистика
610 Ключевые слова 0_
a Ключевые слова Ульяновская область - статистика
610 Ключевые слова 0_
a Ключевые слова статистика правонарушений
610 Ключевые слова 0_
a Ключевые слова статистические материалы
610 Ключевые слова 0_
a Ключевые слова инвестиции - статистика
610 Ключевые слова 0_
a Ключевые слова цены - статистика
686 Индексы других классификаций __
a Классификационный индекс 65.9(2Рос-4Уль)-05
2 Код системы rubbk
712 Наименование организации (Вторичная ответственность) 02
a Организация/ юрисдикция Федеральная служба государственной статистики
b Другие уровни Территориальный орган Росстата по Ульяновской области
4 Код отношения 570
801 Источник записи _0
a Страна RU
b Организация Ульяновская ОНБ
c Дата составления 20260513
g Правила каталогизации RCR
801 Источник записи _1
a Страна RU
b Организация Ульяновская ОНБ
c Дата составления 20260513
g Правила каталогизации RCR
900 Электронные ресурсы __
a Имя электронного ресурса ск20250008
900 Электронные ресурсы __
a Имя электронного ресурса ск20250009
901 Тип документа __
t Тип документа m
909 Создатель записи __
a Создатель записи Макушик
b Дата создания записи 20260513